00558nam a2200181Ii 45000010005000000030009000050080041000140400033000550410008000880820019000961000016001152450115001312640037002463000012002833360026002953370028003213380027003493955CO-ViMGA241108s9999||||xx |||||||||||||| ||und|| aCO-ViMGAbspaerdacCO-ViMGA0 aspa04a371.4044 B212d1 aMary A Bany10aLa Dinámica de grupo en la educación:bLa conducta colectiva en las clases de primeray segunda enseñanza 1aMadrid, España : Aguilar, 1964 avolumen atextbtxt2rdacontent aunmediatedbn2rdamedia avolumebnc2rdacarrier